| 000 | 00881cam a2200265 i 4500 | ||
|---|---|---|---|
| 001 | bg | ||
| 003 | BPK | ||
| 005 | 20231130062815.0 | ||
| 008 | 970510s1995 pl a f |000 0 pol | ||
| 015 | _aPB 1995/7148 | ||
| 020 | _a8386210214 | ||
| 040 |
_aWA N _cBPK |
||
| 080 | _a394 | ||
| 080 | _a395 | ||
| 080 | _a(083.1) | ||
| 100 | 1 |
_aPietkiewicz, Edward _d(1909-1998) _eAutor |
|
| 245 | 1 | 0 |
_aPrzyjęcia w biznesie i nie tylko / _cEdward Pietkiewicz. |
| 260 |
_aWarszawa : _bCentrum Informacji Menedżera, _ccop. 1997. |
||
| 300 |
_a[6], 296 s., [22] s. fot. kolor. : _bil., faks., rys. ; _c21 cm. |
||
| 650 | 4 | _aPrzyjęcia okolicznościowe | |
| 655 | 4 | _aPoradnik | |
| 710 | 2 |
_aCentrum Informacji Menedżera _4pbl. |
|
| 856 |
_uhttp://koha.tu.koszalin.pl/cgi-bin/koha/opac-detail.pl?biblionumber=53440 _yKatalog online BPK |
||
| 942 |
_2UKD _cKS |
||
| 999 |
_c53440 _d53440 |
||